Podpora finančnej gramotnosti ako jeden z nástrojov ochrany spotrebiteľa

Predstavenie aktivity Národnej banky Slovenska smerujúce k podpore finančnej gramotnosti obyvateľstva. Načrtnutie možných prístupov orgánov verejnej správy v oblasti predškolského, školského a celoživotného vzdelávania a orgánov ochrany spotrebiteľa, ktoré by viedli k zvyšovaniu finančnej gramotnost...

Descripción completa

Guardado en:
Detalles Bibliográficos
Autor principal: Fusek, Roman
Formato: Capítulo de libro
Lenguaje:eslovaco
Materias:
Etiquetas: Agregar Etiqueta
Sin Etiquetas, Sea el primero en etiquetar este registro!

MARC

LEADER 00000naa$a2200000$$$4500
001 0252681
005 20190329094923.1
041 0 |a slo 
044 |a SK 
245 1 0 |a Podpora finančnej gramotnosti ako jeden z nástrojov ochrany spotrebiteľa  |c Roman Fusek 
520 |a Predstavenie aktivity Národnej banky Slovenska smerujúce k podpore finančnej gramotnosti obyvateľstva. Načrtnutie možných prístupov orgánov verejnej správy v oblasti predškolského, školského a celoživotného vzdelávania a orgánov ochrany spotrebiteľa, ktoré by viedli k zvyšovaniu finančnej gramotnosti obyvateľstva na Slovensku. 
610 2 0 |a gramotnosť finančná 
610 2 0 |a trh finančný 
610 2 0 |a vzdelávanie celoživotné 
610 2 0 |a financie osobné 
610 2 0 |a prednášky 
610 2 0 |a služby finančné 
610 2 0 |a banky centrálne 
100 1 |a Fusek, Roman